000 00768nam a2200265Ia 4500
003 OSt
005 20221005030919.0
006 a|||||r|||| 00| 0
007 ta
008 221004b |||||||| |||| 00| 0 eng d
024 _a40584
037 _cTextual
040 _aCRL
_cCRL
_beng
041 _2eng
_aeng
082 _aO111,1M40:g, L4
100 _aZietlow Paul
110 _aGift from Prof Amitava Banerjee, London
245 0 _aMoments of vision
_b Poetry of Thomas Hardy
260 _aCambridge
_bHarvard University Press UK
_c1974
300 _a263p.
_ccm.
650 _aENGLISH LITERATURE
700 _aGift from Prof Amitava Banerjee, London
942 _hO111,1M40:g, L4
_cTEXL
_2cc
999 _c936922
_d936922